Metallography in failure analysis : [proceedings of a Symposium on Metallography in Failure Analysis /

Guardado en:
Autores Corporativos: Symposium on Metallography in Failure Analysis Houston, Tex.), American Society for Metals., International Metallographic Society.
Otros Autores: McCall, James L., (Editor , ed.), French, P. M. 1935-, (Editor , ed.)
Formato: Libro
Idioma:English
Publicado: New York : Plenum Press, c1978.
Materias:
Etiquetas: Agregar Etiqueta
Sin Etiquetas, Sea el primero en etiquetar este registro!
LEADER 01210cam a2200277 a 4500
001 EIQ.libpla001126
008 780406s1978####nyuao#########101#0#eng##
005 20060807185458.0
245 1 0 |a Metallography in failure analysis :  |b [proceedings of a Symposium on Metallography in Failure Analysis /  |c sponsored by the American Society for Metals and the International Metallographic Society, held in Houston, Texas, July 17-18, 1977] ; edited by James L. McCall and P. M. French. 
260 |a New York :  |b Plenum Press,  |c c1978. 
300 |a vii, 301 p. :  |b il., fotos ;  |c 26 cm. 
500 |a Incluye índices. 
020 |a 030640012X 
111 2 |a Symposium on Metallography in Failure Analysis  |d (1977 :  |c Houston, Tex.) 
700 1 |a McCall, James L.,  |e ed.  |4 edt 
700 1 |a French, P. M.  |q (Peter Michael),  |d 1935-,  |e ed.  |4 edt 
710 2 |a American Society for Metals. 
710 2 |a International Metallographic Society. 
082 0 0 |a 620.1/6/3 
650 4 |a Metalografía  |x Congresos. 
650 4 |a Mecánica de fractura  |x Congresos. 
650 0 |a Metallography  |x Congresses. 
650 0 |a Fracture mechanics  |x Congresses. 
010 |a  78007224  
040 |a DLC  |c DLC  |d AR-BbSID 
859 |a AR-BbSID  |b BIB. PLAPIQUI